Chcem zomrieť na javisku

Bibliographic Details
Main Authors: Conzarová, Michaela (Author, Interviewer), Dančiak, Stano, 1942-2018 (Author)
Format: Article
Language:Slovak
PhysicalDescription:Fotogr.
ISSN:0231-6676
Subjects:

MARC

LEADER 00000nab a2200000 ar4500
001 vtls009181189
003 SK-MaSNL
005 20260305002936.0
008 080206c2007 xo |r|p||||||||00 b|slo
015 |a SNBRB2008/02  |2 snkbucl 
038 |a SNKBUCL 
040 |a SNKBUCL  |b slo  |e AACR2  |c SNKBUCL 
041 0 |a slo 
044 |a xo  |c SK 
080 |a 792.071.2  |2 2001 
080 |a 929 Dančiak, Stano  |2 2001 
100 1 |a Conzarová, Michaela  |4 aut  |4 ivr  |9 926678 
245 1 0 |a Chcem zomrieť na javisku  |c Michaela Conzarová, Stano Dančiak 
300 |b Fotogr. 
600 1 7 |a Dančiak, Stano,  |d 1942-2018  |2 snkbucl  |9 85009 
655 7 |a rozhovory  |2 snkbucl  |9 31831 
700 1 |a Dančiak, Stano,  |d 1942-2018  |4 aut  |4 ive  |9 85009 
773 0 |t Slovenka  |g Roč. 60, č. 16 (2007), s. 20-21  |x 0231-6676 
852 |a SNK  |b KIS3GCP 
958 |a BX 
999 |c 3227813  |d 3229743